<?xml version='1.0' encoding='UTF-8'?>
  <record xmlns="http://www.loc.gov/MARC21/slim">
    <leader>00000cam a2200000 i 4500</leader>
    <controlfield tag="001">ocm14314004</controlfield>
    <controlfield tag="003">OCoLC</controlfield>
    <controlfield tag="005">20251128200538.1</controlfield>
    <controlfield tag="008">840721s1557    fr            000 0 mul  </controlfield>
    <datafield tag="040" ind1=" " ind2=" ">
      <subfield code="a">NLM</subfield>
      <subfield code="b">eng</subfield>
      <subfield code="e">rda</subfield>
      <subfield code="e">dcrmr</subfield>
      <subfield code="c">NLM</subfield>
      <subfield code="d">HMS</subfield>
      <subfield code="d">OCLCQ</subfield>
      <subfield code="d">OCLCO</subfield>
      <subfield code="d">NLM</subfield>
      <subfield code="d">QGJ</subfield>
      <subfield code="d">OCLCL</subfield>
      <subfield code="d">QGJ</subfield>
      <subfield code="d">CUD</subfield>
      <subfield code="d">OCLCO</subfield>
    </datafield>
    <datafield tag="016" ind1="7" ind2=" ">
      <subfield code="a">2253031R</subfield>
      <subfield code="2">DNLM</subfield>
    </datafield>
    <datafield tag="029" ind1="0" ind2=" ">
      <subfield code="a">NLM</subfield>
      <subfield code="b">2253031R</subfield>
    </datafield>
    <datafield tag="035" ind1=" " ind2=" ">
      <subfield code="a">(OCoLC)14314004</subfield>
    </datafield>
    <datafield tag="041" ind1="1" ind2=" ">
      <subfield code="a">lat</subfield>
      <subfield code="a">grc</subfield>
      <subfield code="h">grc</subfield>
    </datafield>
    <datafield tag="050" ind1=" " ind2="4">
      <subfield code="a">R126.H6</subfield>
      <subfield code="b">A33 1557</subfield>
    </datafield>
    <datafield tag="060" ind1="0" ind2="0">
      <subfield code="a">WZ 240</subfield>
      <subfield code="b">H667da 1557</subfield>
    </datafield>
    <datafield tag="100" ind1="0" ind2=" ">
      <subfield code="a">Hippocrates,</subfield>
      <subfield code="e">author.</subfield>
      <subfield code="4">aut</subfield>
      <subfield code="1">https://id.oclc.org/worldcat/entity/E39PCjxMPJJrrVDvV8jrjDRywK</subfield>
    </datafield>
    <datafield tag="245" ind1="1" ind2="0">
      <subfield code="a">Hippocratis medicorum omnium principis, De aere, aquis, &amp; locis, ;</subfield>
      <subfield code="b">liber olim mancus, nunc integer: qui Galeno, De habitationibus, &amp; aquis, &amp; temporibus &amp; regionibus inscribitur /</subfield>
      <subfield code="c">ab Adriano Alemano apud Parisios medico, commentariis quatuor illustratus. Ad Carolum Lotharingiae ducem illustriss.</subfield>
    </datafield>
    <datafield tag="246" ind1="3" ind2=" ">
      <subfield code="a">De aere, aquis, &amp; locis</subfield>
    </datafield>
    <datafield tag="246" ind1="3" ind2=" ">
      <subfield code="a">De aere, aquis, et locis</subfield>
    </datafield>
    <datafield tag="264" ind1=" " ind2="1">
      <subfield code="a">Parisiis, :</subfield>
      <subfield code="b">Apud Aegidium Gorbinum, sub insigni Spei, propè Collegium Cameracense.,</subfield>
      <subfield code="c">1557.</subfield>
    </datafield>
    <datafield tag="300" ind1=" " ind2=" ">
      <subfield code="a">[7], 230, [17] leaves ;</subfield>
      <subfield code="c">17 cm (8vo)</subfield>
    </datafield>
    <datafield tag="336" ind1=" " ind2=" ">
      <subfield code="a">text</subfield>
      <subfield code="b">txt</subfield>
      <subfield code="2">rdacontent</subfield>
    </datafield>
    <datafield tag="337" ind1=" " ind2=" ">
      <subfield code="a">unmediated</subfield>
      <subfield code="b">n</subfield>
      <subfield code="2">rdamedia</subfield>
    </datafield>
    <datafield tag="338" ind1=" " ind2=" ">
      <subfield code="a">volume</subfield>
      <subfield code="b">nc</subfield>
      <subfield code="2">rdacarrier</subfield>
    </datafield>
    <datafield tag="340" ind1=" " ind2=" ">
      <subfield code="m">8vo</subfield>
      <subfield code="2">rdabf</subfield>
    </datafield>
    <datafield tag="500" ind1=" " ind2=" ">
      <subfield code="a">Initials; printed, marginal notes.</subfield>
    </datafield>
    <datafield tag="500" ind1=" " ind2=" ">
      <subfield code="a">Signatures: ã⁸ a-z⁸ A-H⁸; ã7v, ã8, H7v, and H8 are blank.</subfield>
    </datafield>
    <datafield tag="546" ind1=" " ind2=" ">
      <subfield code="a">Text in Greek and Latin.</subfield>
    </datafield>
    <datafield tag="650" ind1=" " ind2="0">
      <subfield code="a">Ecology</subfield>
      <subfield code="v">Early works to 1800.</subfield>
    </datafield>
    <datafield tag="650" ind1=" " ind2="0">
      <subfield code="a">Adaptation (Biology)</subfield>
      <subfield code="v">Early works to 1800.</subfield>
    </datafield>
    <datafield tag="700" ind1="0" ind2="2">
      <subfield code="i">Container of (expression):</subfield>
      <subfield code="a">Hippocrates.</subfield>
      <subfield code="t">Airs, waters, and places.</subfield>
      <subfield code="l">Greek.</subfield>
      <subfield code="f">1557.</subfield>
    </datafield>
    <datafield tag="700" ind1="0" ind2="2">
      <subfield code="i">Container of (expression):</subfield>
      <subfield code="a">Hippocrates.</subfield>
      <subfield code="t">Airs, waters, and places.</subfield>
      <subfield code="l">Latin.</subfield>
      <subfield code="f">1557.</subfield>
    </datafield>
    <datafield tag="700" ind1="1" ind2=" ">
      <subfield code="a">L'Alemant, Adrien,</subfield>
      <subfield code="d">1527-1559,</subfield>
      <subfield code="e">writer of added commentary.</subfield>
      <subfield code="4">wac</subfield>
      <subfield code="1">https://id.oclc.org/worldcat/entity/E39PCjqv8Wr3brDyWPkqCRdpvb</subfield>
    </datafield>
    <datafield tag="700" ind1="0" ind2=" ">
      <subfield code="a">Charles</subfield>
      <subfield code="b">III,</subfield>
      <subfield code="c">Duke of Lorraine,</subfield>
      <subfield code="d">1543-1608,</subfield>
      <subfield code="e">dedicatee.</subfield>
      <subfield code="4">dte</subfield>
      <subfield code="1">https://id.oclc.org/worldcat/entity/E39PBJpypJ6cVKQMdmpg8xWhpP</subfield>
    </datafield>
    <datafield tag="700" ind1="1" ind2=" ">
      <subfield code="a">Gourbin, Gilles,</subfield>
      <subfield code="d">-1590,</subfield>
      <subfield code="e">printer.</subfield>
      <subfield code="4">prt</subfield>
      <subfield code="1">https://id.oclc.org/worldcat/entity/E39PBJkp6yQY3wc6PqyDxFTrbd</subfield>
    </datafield>
    <datafield tag="752" ind1=" " ind2=" ">
      <subfield code="a">France</subfield>
      <subfield code="d">Paris,</subfield>
      <subfield code="e">publication place.</subfield>
      <subfield code="4">pup</subfield>
    </datafield>
    <datafield tag="776" ind1="0" ind2="8">
      <subfield code="i">Also issued on microfilm.</subfield>
      <subfield code="d">[Bethesda, Md.] : National Library of Medicine, 1963.</subfield>
      <subfield code="h">1 microfilm reel : negative ; 35 mm.</subfield>
    </datafield>
  </record>